000 02782cam a2200289 4500500
005 20260208001231.0
041 _afre
042 _adc
100 1 0 _aRoger, Antoine
_eauthor
245 0 0 _aJeux d'échelles dans la construction de la représentativité
260 _c2012.
500 _a5
520 _aRésuméÀ partir d’une enquête empirique sur le secteur vitivinicole en Roumanie, l’article propose un éclairage sur le rôle joué par l’Union européenne dans la délimitation et la représentation de nouveaux « intérêts » économiques. Un écart est marqué avec les travaux qui se limitent à mesurer l’« accès » de groupes constitués aux institutions supranationales. La démarche retenue consiste plutôt à caractériser des jeux de labellisation et une circulation entre les espaces nationaux et européens de représentation. Les grands opérateurs qui dominent le marché du vin roumain se positionnent à la tête d’organisations concurrentes. Chacun obtient des appuis à Bruxelles, dans le cadre de l’Organisation commune de marché, et les valorise ensuite à Bucarest. Plusieurs définitions du produit à défendre sont ainsi livrées. L’administration nationale est invitée à officialiser l’une ou l’autre. Mais des alliances à géométrie variable l’empêchent de trancher.
520 _aOn the basis of a field study conducted in the Romanian vine and wine sector, the paper highlights the role played by the European Union in the process of shaping new economic “interests”. It takes issue with the analysis which consists in rating the “access” to supranational institutions. The emphasis is rather laid on labelling dynamics and on the circulation between national and European fields of representation. The biggest players in the Romanian wine market get control over competing representative organisations. Each of them receives support from Brussels, within the Common market organisation, and makes the most of it in Bucharest. As a result, there are several definitions of the product to be defended. The national administration is expected to decide between them. But no definitive solution is found, as variable-geometry coalitions are formed.
690 _aéconomie vitivinicole
690 _agroupes d'intérêt
690 _areprésentativité
690 _aRoumanie
690 _aUnion Européenne
690 _aEuropean Union
690 _ainterest groups
690 _arepresentativeness
690 _aRomania
690 _avine and wine economics
786 0 _nGouvernement et action publique | VOL. 1 | 2 | 2012-06-23 | p. 141-166 | 2260-0965
856 4 1 _uhttps://shs.cairn.info/revue-gouvernement-et-action-publique-2012-2-page-141?lang=fr&redirect-ssocas=7080
999 _c1644576
_d1644576